| 000 | 01034nam a2200277Ia 4500 | ||
|---|---|---|---|
| 003 | OSt | ||
| 005 | 20221007125330.0 | ||
| 006 | a|||||r|||| 00| 0 | ||
| 007 | ta | ||
| 008 | 221006b |||||||| |||| 00| 0 eng d | ||
| 020 |
_a0471411361 (hbd) _c _ 45.00 |
||
| 024 | _a9285 | ||
| 037 |
_bN R Book, _cTextual |
||
| 040 |
_aCDL _cCDL _beng |
||
| 041 |
_2eng _aeng |
||
| 082 | _aE9G, M6;P2;3-;5 | ||
| 100 | _aDevlin Thomas M Ed | ||
| 245 | 0 | _aTextbook of biochemistry with clinical correlations ed by Thomas M Devlin | |
| 250 | _aEd 5 | ||
| 260 |
_aNew _bYork John Wiley Sons, Inc. _c2002 |
||
| 300 |
_axxiv, 1216p _ccm. |
||
| 500 | _aIncludes bibliographical references; Appendix 1169-1179p; Index 1181-1216p; ^n23/CSL/CARC/2001-02/926^d2002-02-15^mPurchase; ; 2001-02/558^b2002-03-25^c168/01^d2002-03-18^eRs.3,791.27^fN R Book Distributors; ; 2002-07-30^bSB^c2002-07-30^dRPS | ||
| 650 | _aBiochemistry | ||
| 942 |
_hE9G, M6;P2;3-;5 _cTEXL _2CC |
||
| 999 |
_c1215095 _d1215095 |
||